| 000 | 00712nam a22001817a 4500 | ||
|---|---|---|---|
| 003 | OSt | ||
| 005 | 20240611100716.0 | ||
| 008 | 240611b ||||| |||| 00| 0 eng d | ||
| 040 | _cAIMIT LIBRARY | ||
| 100 |
_aVeigas, Flenson. _e2116052 _9169987 |
||
| 245 |
_aStudy on financial performance of power sector companies in India / _cBy Flenson Veigas ; Guided by Nagendra. |
||
| 260 |
_aMangalore ; _c2023. |
||
| 650 |
_aIndustry profile company profile and introduction to the study _9169988 |
||
| 650 |
_aResearch methodology _9169989 |
||
| 700 |
_aNagendra. _eGuide _9169990 |
||
| 856 |
_3Mangalore electricity supply company limited _uwww.mescom.karnataka.gov.in _ywww.mescom.karnataka.gov.in |
||
| 942 |
_2ddc _cPRO |
||
| 999 |
_c231112 _d231112 |
||